000 01011nam a2200241Ia 4500
999 _c51145
_d51145
001 18103
003 GE_BSU
005 20251029141043.0
008 181216s2005||||ge |||||||||||||| ||geo||
020 _a1512-326X
040 _cGE_BSU
041 _ageo
080 _a811.353'44.11 ტ-70
245 _aტიპოლოგიური ძიებანი = Typological investigations :
_bN 5. ეძღვნება აკადემიკოს თამაზ გამყრელიძეს დაბადებიდან 75 წლისთავს /
_cრედაქტორი მარიკა ჯიქია.
264 _aთბილისი,
_c2005.
300 _a350 გვ.;
_b20 სმ.
541 _h10ლ.
653 _aტიპოლოგია
653 _aტიპოლოგიური ძიებანი
653 _aქართული ენა
700 _aჯიქია, მარიკა
_eრედაქტორი
_921288
942 _cBK
_2udc